Sexografías /
Colección de artículos periodísticos sobre el tema del erotismo, en particular el femenino, en que la autora expone diversas prácticas sexuales, muchas de ellas en las que ella misma participa como protagonista y otras en que retrata a seres muy reales y singulares, en su mayoría latinoamericanos. E...
Guardat en:
| Autor principal: | |
|---|---|
| Altres autors: | |
| Format: | Llibre |
| Idioma: | espanyol |
| Publicat: |
Barcelona, España :
Melusina,
2008, c2008
|
| Matèries: | |
| Etiquetes: |
Sense etiquetes, Sigues el primer a etiquetar aquest registre!
|
MARC
| LEADER | 00000nam^a2200000^a^4500 | ||
|---|---|---|---|
| 001 | 000324509 | ||
| 005 | 20250521000000.0 | ||
| 009 | 20260310113710.029 | ||
| 020 | |a 978-84-96614-53-6 | ||
| 037 | |a Acervo ITESO - Biblioteca | ||
| 041 | |a ESP | ||
| 082 | |a 305. 31 |b WIE | ||
| 100 | |a Wiener, Gabriela |e (autor) | ||
| 245 | 1 | 0 | |a Sexografías / |c G. Wiener ; pról. de J. Calvo. |
| 264 | 4 | |a Barcelona, España : |b Melusina, |c 2008, c2008 | |
| 300 | |a 214 p. | ||
| 336 | |a texto |b txt |2 rdacontenido | ||
| 337 | |a sin mediación |b n |2 rdamedio | ||
| 338 | |a volumen |b nc |2 rdasoporte | ||
| 520 | |a Colección de artículos periodísticos sobre el tema del erotismo, en particular el femenino, en que la autora expone diversas prácticas sexuales, muchas de ellas en las que ella misma participa como protagonista y otras en que retrata a seres muy reales y singulares, en su mayoría latinoamericanos. Entre otras, habla de la poligamia, el travestismo, los swingers, etc. | ||
| 649 | |a XX | ||
| 650 | |a Artículos Periodísticos Peruanos | ||
| 650 | |a Erotismo - |x Tema Principal | ||
| 650 | |a Reproducción Asistida | ||
| 650 | |a Intercambio de Parejas | ||
| 650 | |a Poligamia | ||
| 650 | |a Pornografía | ||
| 650 | |a Prostitución | ||
| 650 | |a Travestismo | ||
| 650 | |a Homosexualidad | ||
| 650 | |a Prácticas Sexuales - |x Tema Principal | ||
| 650 | |a Prácticas Culturales | ||
| 650 | |a Sexualidad | ||
| 650 | |a Sociología de la Cultura | ||
| 700 | |a Calvo, Javier |e (prólogo) | ||
| 910 | |a Fondo General | ||
| 920 | |a Impresos - Libros | ||
| 930 | |a Colección General | ||
| 905 | |a 101 | ||
| 901 | |a 0500212394 |b IT1 |c ACC |i C133640 |u 20250521 | ||
| 902 | |a https://opac.biblio.iteso.mx/vufind/Record/000324509 | ||